| 000 | 01131nam a22002657a 4500 | ||
|---|---|---|---|
| 003 | OSt | ||
| 005 | 20250225095331.0 | ||
| 007 | cr ||||||a|c|a | ||
| 008 | 221124s2021 mx a|||fom||| 001 0 spa d | ||
| 040 | _erda | ||
| 100 | 1 |
_9185721 _aRodríguez García, Adrián |
|
| 245 | 1 |
_aEvaluación de un sistema de guiado con y sin corrección diferencial / _cpor Adrián Rodríguez García, director de tesis Gilberto de Jesús López Canteñs. |
|
| 264 | 1 |
_aChapingo, México : _bEl autor, _c2021. |
|
| 300 |
_a1 recurso en línea (106 páginas). _bcuadros, figuras. |
||
| 336 |
_2rdacontent _atexto _btxt |
||
| 337 |
_2rdamedia _acomputadora _bc |
||
| 338 |
_2rdacarrier _arecurso en línea _bcr |
||
| 502 |
_bIMAg _cMecánica _d2021. _gLIC |
||
| 504 | _aIncluye referencias bibliográficas: páginas 75-79. | ||
| 650 | 4 |
_9126019 _aTractores _xAutomatización |
|
| 650 | 4 |
_9113119 _aTierras _xNivelación |
|
| 700 | 1 |
_967746 _aLópez Canteñs, Gilberto de Jesús _eDirector de tesis. |
|
| 856 |
_uhttp://10.13.5.2/tesis/tl/2021_MA_Rodriguez_Garcia_Adrian.pdf _zDESCARGAR PDF |
||
| 942 |
_2Clasificación Universidad Autónoma Chapingo _cTD |
||
| 999 |
_c217869 _d217869 |
||